| 000 | 00537nam a2200241Ia 4500 | ||
|---|---|---|---|
| 008 | 170918s9999 xx 000 0 und d | ||
| 020 | _a9780545165013 | ||
| 050 | _bC287 2011 | ||
| 100 | _aCarman, Patrick | ||
| 245 | _aTrackers : | ||
| 245 | _bShantorian / | ||
| 245 | _cby Patrick Carman. | ||
| 250 | _aFirst edition | ||
| 260 | _aUSA : | ||
| 260 | _bScholastic, | ||
| 260 | _c2011 | ||
| 300 | _a169 pages : | ||
| 300 | _billustrations ; | ||
| 300 | _c21cm. | ||
| 300 | _eTrackers ; | ||
| 440 | _a2 | ||
| 500 | _a730 | ||
| 999 |
_c343889 _d343889 |
||